Distritos de Sergipe em um Mapa - Statistics

Estatísticas Gerais
  • Esse quiz foi jogado 60 vezes
  • A pontuação média é 19 de 84
Respostas no mapa
Respostas codificadas por cores de uma escala verde-vermelha no mapa do quiz de acordo com a % correta abaixo.
 
Estatísticas das Respostas
Município Distrito % Correto
Aracaju Aracaju
90%
Itabaiana Itabaiana
56%
São Cristóvão São Cristóvão
56%
Estância Estância
54%
Lagarto Lagarto
49%
Nossa Senhorado Socorro Nossa Senhorado Socorro
44%
Barra dos Coqueiros Barra dos Coqueiros
41%
Tobias Barreto Tobias Barreto
41%
Canindé deSão Francisco Canindé deSão Francisco
37%
Itabaianinha Itabaianinha
37%
Laranjeiras Laranjeiras
37%
Nossa Senhora da Glória Nossa Senhora da Glória
37%
Poço Redondo Poço Redondo
37%
Propriá Propriá
37%
Areia Branca Areia Branca
34%
Porto da Folha Porto da Folha
34%
Carmópolis Carmópolis
32%
Boquim Boquim
29%
Nossa Senhora Aparecida Nossa Senhora Aparecida
29%
Pacatuba Pacatuba
29%
Pirambu Pirambu
29%
Simão Dias Simão Dias
29%
Capela Capela
27%
Frei Paulo Frei Paulo
27%
Nossa Senhoradas Dores Nossa Senhoradas Dores
27%
Poço Verde Poço Verde
27%
Brejo Grande Brejo Grande
24%
Carira Carira
24%
São Domingos São Domingos
24%
Itaporanga d'Ajuda Itaporanga d'Ajuda
22%
Macambira Macambira
22%
Malhador Malhador
22%
Maruim Maruim
22%
Neópolis Neópolis
22%
Nossa Senhorade Lourdes Nossa Senhorade Lourdes
22%
Riachuelo Riachuelo
22%
São Francisco São Francisco
22%
Arauá Arauá
20%
Campo do Brito Campo do Brito
20%
Cristinápolis Cristinápolis
20%
Gararu Gararu
20%
General Maynard General Maynard
20%
Ilha das Flores Ilha das Flores
20%
Pinhão Pinhão
20%
Salgado Salgado
20%
Siriri Siriri
20%
Umbaúba Umbaúba
20%
Aquidabã Aquidabã
17%
Divina Pastora Divina Pastora
17%
Feira Nova Feira Nova
17%
Gracho Cardoso Gracho Cardoso
17%
Japaratuba Japaratuba
17%
Moita Bonita Moita Bonita
17%
Muribeca Muribeca
17%
Pedra Mole Pedra Mole
17%
Pedrinhas Pedrinhas
17%
Telha Telha
17%
Canhoba Canhoba
15%
Indiaroba Indiaroba
15%
Itabi Itabi
15%
Malhada dos Bois Malhada dos Bois
15%
Monte Alegre de Sergipe Monte Alegre de Sergipe
15%
Ribeirópolis Ribeirópolis
15%
Rosário do Catete Rosário do Catete
15%
Santa Rosa de Lima Santa Rosa de Lima
15%
Santo Amaro das Brotas Santo Amaro das Brotas
15%
Tomar do Geru Tomar do Geru
15%
Amparo do São Francisco Amparo do São Francisco
12%
Cedro de São João Cedro de São João
12%
Cumbe Cumbe
12%
Japoatã Japoatã
12%
Riachão do Dantas Riachão do Dantas
12%
São Miguel do Aleixo São Miguel do Aleixo
12%
Santa Luzia do Itanhy Santa Luzia do Itanhy
10%
Santana doSão Francisco Santana doSão Francisco
10%
Tobias Barreto Monte Coelhos
7%
Tobias Barreto Samambaia
7%
Riachão do Dantas Palmares
5%
Carira Altos Verdes
0%
Capela Barracas
0%
Gararu Lagoa Funda
0%
Capela Miranda
0%
Capela Pedras
0%
Gararu São Mateus da Palestina
0%
Nenhum quiz correspondente encontrado
Distribuição das Pontuações
Porcentagem de Pessoas com Cada Pontuação
Percentil de Números Respondidos
Sua Pontuação Histórica
Você não jogou esse quiz